Civil Air Patrol Cadet Ribbons - Statistics

General Stats
  • This quiz has been taken 7 times
  • The average score is 3 of 51
Answer Stats
Picture Answer % Correct
Encampment
100%
Lifesaving
50%
National Cadet Special Activity
50%
Cadet Advisory Council
25%
Model Rocketry
25%
National Cadet Competition
25%
National Commander's Unit Citation
25%
Red Service
25%
Aerospace Education
0%
AFA Squadron Cadet of the Year
0%
AFSA Squadron NCO of the Year
0%
Air Force Organizational Excellence
0%
Air Search and Rescue
0%
Amelia Earhart Award
0%
Billy Mitchell Award
0%
Cadet Recruiter
0%
CAP Achievement Award
0%
CAP Crisis Service
0%
Carl Spaatz Award
0%
Charles Lindbergh Award
0%
Commanders Commendation Award
0%
Community Service
0%
Cyber
0%
Disaster Relief
0%
Distinguished Service Medal
0%
Eddie Rickenbacker Award
0%
Exceptional Service Medal
0%
Ground Team Basic
0%
Ground Team Master
0%
Ground Team Senior
0%
Hap Arnold Award
0%
Homeland Security
0%
International Air Cadet Exchange
0%
Ira Eaker Award
0%
Jimmy Doolittle Award
0%
John Curry Award
0%
Mary Feik Award
0%
Medal of Valor
0%
Meritorious Service Medal
0%
National Color Guard Competition
0%
Neil Armstrong Award
0%
NRA Marksmanship
0%
Pre-Solo Wings
0%
Robert Goddard Award
0%
Search "Find"
0%
Solo Wings
0%
STEM
0%
Unit Citation Award
0%
VFW Cadet NCO Award
0%
VFW Cadet Officer Award
0%
Wright Brothers Award
0%
No matching quizzes found
Score Distribution
Percent of People with Each Score
Percentile by Number Answered
Your Score History
You have not taken this quiz